Letter Pair State Pairs Quiz Stats

Quiz Updated Aug 20, 2012

Challenge
Share
Tweet
Embed
Score 0/26 Timer 13:00
9 Plays Today
Letter Pair State Pair % Correct
EXNew Mexico, Texas
77.3%
VIVirginia, West Virginia
69.1%
TETennessee, Texas
64%
KONorth Dakota, South Dakota
62.2%
AKNorth Dakota, South Dakota
61.1%
AIHawaii, Maine
57.3%
IOIowa, Ohio
54.6%
YONew York, Wyoming
53.6%
IDFlorida, Idaho
53%
SKAlaska, Nebraska
51.6%
RKArkansas, New York
51.5%
DEDelaware, Rhode Island
49.8%
HAHawaii, New Hampshire
48.7%
Letter Pair State Pair % Correct
NGWashington, Wyoming
43%
RONorth Carolina, South Carolina
41.4%
CHMassachusetts, Michigan
41.3%
YLMaryland, Pennsylvania
41.2%
SHNew Hampshire, Washington
40.2%
MOMontana, Vermont
39.4%
RTNorth Dakota, North Carolina
38.9%
VANevada, Pennsylvania
32.2%
OMOklahoma, Wyoming
31.9%
AMAlabama, New Hampshire
29.5%
AWDelaware, Hawaii
28%
ERNew Jersey, Vermont
24.2%
RAColorado, Nebraska
19%

You're not logged in!

Compare scores with friends on all Sporcle quizzes.
Sign Up with Email
OR
Log In

You Might Also Like...

Show Comments

Extras

Top Quizzes Today


Score Distribution

Your Account Isn't Verified!

In order to create a playlist on Sporcle, you need to verify the email address you used during registration. Go to your Sporcle Settings to finish the process.